El valle de los reyes / (Registro nro. 6534)

Detalles MARC
000 -LEADER
fixed length control field 01439nam a22003017a 4500
003 - CONTROL NUMBER IDENTIFIER
control field OSt
005 - DATE AND TIME OF LATEST TRANSACTION
control field 20250612104255.0
008 - FIXED-LENGTH DATA ELEMENTS--GENERAL INFORMATION
fixed length control field 200217t2016 sp a|||dr|||| 00| f spa d
020 ## - INTERNATIONAL STANDARD BOOK NUMBER
International Standard Book Number 9788496886599
Qualifying information 9788416715275
040 ## - CATALOGING SOURCE
Original cataloging agency CO-JMCR
Transcribing agency CO-JMCR
041 1# - LANGUAGE CODE
Language code of text/sound track or separate title spa
Language code of original eng
082 04 - DEWEY DECIMAL CLASSIFICATION NUMBER
Classification number J-N
Item number NORv
100 1# - MAIN ENTRY--PERSONAL NAME
Personal name Northrop, Michael,
Relator term autor
9 (RLIN) 638
245 13 - TITLE STATEMENT
Title El valle de los reyes /
Statement of responsibility, etc. Michael Northrop
250 ## - EDITION STATEMENT
Edition statement 1a. edición
260 ## - PUBLICATION, DISTRIBUTION, ETC.
Place of publication, distribution, etc. Barcelona :
Name of publisher, distributor, etc. Urano,
Date of publication, distribution, etc. ©2016
300 ## - PHYSICAL DESCRIPTION
Extent 187 páginas :
Other physical details ilustraciones a color ;
Dimensions 22 cm.
490 ## - SERIES STATEMENT
Series statement Tombquest
Volume/sequential designation Libro 3
500 ## - GENERAL NOTE
General note Titulo original: Valley of Kings.
505 ## - FORMATTED CONTENTS NOTE
Formatted contents note Fantasmas hambrientos -- Las voces de los muertos -- Entre la espada y la pared -- Pasos. Voces -- Shangrit-la -- Al museo -- Un mazo de demolición al rojo vivo -- Subirse por las paredes -- Separados -- Entrenando para ganar -- Ciudad fantasma -- La otra orilla -- Campamento base -- El Valle de los Reyes -- Abrasados -- El visitante nocturno -- Excursión a la ciudad -- Momias ausentes Traicionas -- El corazón negro -- En las profundidades del valle -- Efecto túnel -- Como mariposas
520 ## - SUMMARY, ETC.
Summary, etc. Una aventura al rojo vivo en el corazón del desierto.
546 1# - LANGUAGE NOTE
Language note Traducido del inglés.
650 14 - SUBJECT ADDED ENTRY--TOPICAL TERM
Topical term or geographic name entry element Novela
Geographic subdivision Estadounidense
9 (RLIN) 652
650 14 - SUBJECT ADDED ENTRY--TOPICAL TERM
Topical term or geographic name entry element Novela
General subdivision tumbas
9 (RLIN) 653
650 14 - SUBJECT ADDED ENTRY--TOPICAL TERM
Topical term or geographic name entry element Novela
General subdivision faraones
9 (RLIN) 654
700 1# - ADDED ENTRY--PERSONAL NAME
Personal name Simó Parales, Victoria,
Relator term traductora
9 (RLIN) 655
942 ## - ADDED ENTRY ELEMENTS (KOHA)
Source of classification or shelving scheme Dewey Decimal Classification
Koha item type Books
Existencias
Withdrawn status Lost status Source of classification or shelving scheme Damaged status Not for loan Home library Current library Shelving location Date acquired Source of acquisition Cost, normal purchase price Total Checkouts Total Renewals Full call number Barcode Date last seen Date last checked out Copy number Price effective from Koha item type
    Dewey Decimal Classification     Biblioteca Pública José María del Castillo y Rada Biblioteca Pública José María del Castillo y Rada Processing Center 12/19/2019 Donación 0.00 10 6 J-N NORv 201809748 09/25/2025 09/10/2025 Ej.1 02/17/2020 Books